000 00576nam a2200229Ia 4500
003 OSt
005 20220924152052.0
006 a|||||r|||| 00| 0
007 ta
008 220923b |||||||| |||| 00| 0 mar d
024 _a340684
037 _cTextual
040 _aARTS
_cARTS
_bmar
041 _2mar
_amar
082 _aO155,3M64:g, J6
100 _aBhingare L.M.
_9225731
245 0 _aHaribhaoo
260 _c1956
650 _aMARATHI LITERATURE
_938000
942 _hO155,3M64:g, J6
_cTEXL
_2CC
999 _c468609
_d468609